UKRAINA TEAM - Statystyki

Ogólne statystyki
  • Ten quiz został rozwiązany 8 razy
  • Średni wynik to 8 z 10
Statystyki odpowiedzi
Wskazówka Odpowiedź % Poprawnych
Kreciki Czechy
100%
Bagietki i ślimaki Francja
100%
Grają do dwóch bramek Niemcy
100%
Starsza Siostra Polska
100%
Kiedyś z krecikami Słowacja
100%
Wujek z zza oceanu Stany Zjednoczone
100%
Pan herbatka Wielka Brytania
100%
Poducenci dronów Turcja
50%
Bardzo słabe położenie Estonia
33%
Słabe położenie Litwa
17%
Nie znaleziono quizów pasujących do podanych kryteriów
Rozkład punktacji
Procent ludzi z każdym wynikiem
Percentyl według liczby udzielonych odpowiedzi
Twoja historia wyników
Nie rozwiązałeś tego quizu